Sklepy v zahradě: Stavba krok za krokem /

Salvato in:
Dettagli Bibliografici
Autore principale: Faltýnek, Jiří (Autore)
Natura: Libro
Lingua:ceco
Pubblicazione: Praha: Grada Publishing, 2012
Edizione:1. vyd.
Serie:Profi & hobby
Soggetti:
Tags: Aggiungi Tag
Nessun Tag, puoi essere il primo ad aggiungerne!!

MARC

LEADER 00000nam a22000003a 4500
001 0094020
003 SK-STU
005 20220216133627.3
007 ta
008 220216s ----xo-----e------000-0-----d
020 |a 978-80-247-3798-0 
040 |a STU  |b slo 
041 0 |a cze  |h cze 
044 |a xr 
100 1 |a Faltýnek, Jiří  |4 aut  |r Z6 
245 1 0 |a Sklepy v zahradě:  |b Stavba krok za krokem /  |c aut. Jiří Faltýnek 
250 |a 1. vyd. 
260 |a Praha:  |b Grada Publishing,  |c 2012 
300 |a 112 s. 
490 0 |a Profi & hobby 
650 0 7 |a záhradné pivnice 
996 |b 284V037740  |c V* 53335/O-24495  |l VVT  |s A  |a 24  |w 0094020_0001